| 000 | 01909cam a2200289 i 4500 | ||
|---|---|---|---|
| 003 | DO-SdBNP | ||
| 005 | 20240625105028.0 | ||
| 007 | ta | ||
| 008 | 240625s1975 mx 000 f spa d | ||
| 040 |
_aDO-SdBNP _cspa _dBNPHU _erda |
||
| 082 |
_bS211 _222 |
||
| 100 | 1 |
_aSánchez, José León _eautor _985788 |
|
| 245 | 1 | 3 |
_aLa isla de los hombres solos / _cJosé León Sánchez |
| 250 | _a65a edición | ||
| 264 | 1 |
_aMéxico : _bNovaro, _c1975. |
|
| 300 |
_a234 páginas _c21 cm. |
||
| 336 |
_2rdacontent _atexto _btxt |
||
| 337 |
_2rdamedia _asin mediación _bn |
||
| 338 |
_2rdacarrier _avolumen _bnc |
||
| 520 | _aJosé León Sánchez, trata sobre las condiciones inhumanas del penal de San Lucas en Costa Rica. En primera persona un hombre narra cómo es acusado injustamente de asesinato y es condenado a trabajo forzado, como es llevado al penal de san Lucas, su estancia en el temido lugar, las vejaciones a que es sometido y el hambre crónica pintada en cada una de las caras de los presos. El penal de San Lucas se caracterizaba por ser una isla donde sólo hombres eran encarcelados, las prácticas homosexuales y con los animales eran cosa común en el claustro, algunos hombres terminaban por tomar roles de mujer. En el penal primeramente colocaban un grillete de varios kilos que terminaba por llenar de llagas el tobillo, ocasionando gangrenas e infecciones dolorosas. La comida era escasa, el hambre se enseñoreaba, al mismo tiempo que los malos tratos y las golpizas de los guardias. La muerte era la única forma de escapar de aquel lugar, las aguas infestadas de tiburones hacían imposible el escape; no por eso, no había intento fallidos de fuga. | ||
| 590 | _aInventariado, 2024/ YL | ||
| 650 | 1 | 4 |
_aHistorias de vida _985785 |
| 650 | 1 | 4 |
_aPrivados de libertad _985786 |
| 650 | 1 | 4 |
_aSistema penitenciario _zCosta Rica _985789 |
| 910 | _aYLockward | ||
| 942 |
_2ddc _cLBS1 |
||
| 999 |
_c56965 _d56965 |
||